Statistiken für Länder des Arktischen Ozeans

Klicken Sie hier um das Quiz zu spielen!

Allgemein

  • Dieses Quiz wurde 1,706 mal gespielt
  • Das Durchschnittsergebnis liegt bei 6 aus 6

Antwortstatistiken

Land % Korrekt
Kanada
97%
Russland
97%
Norwegen
96%
Vereinigte Staaten
94%
Island
92%
Dänemark (Grönland)
91%

Verteilung der Resultate

Perzentil nach korrekt beantworteten Fragen

Anzahl Personen mit jedem Resultat

Ihre Resultats-Entwicklung

Sie haben dieses Quiz noch nicht gespielt